=LDR 00000nam 2200000 4500 =001 INLIS00000000000094 =005 20260702043538 =020 ##$$a 978-623-6227-46-6 =082 ##$$a 635.934 =100 1#$$a H. Sumarlin, Sp. =245 1 $$a Seni Berkebun Anggrek & Mawar Yang Mengundang Rezeki /$c H. Sumarlin, Sp. =300 ##$$a 84 ; 14X21 cm